000 00706nam a2200253Ia 4500
003 OSt
005 20220928105647.0
006 a|||||r|||| 00| 0
007 ta
008 220927b |||||||| |||| 00| 0 eng d
020 _c450
024 _a106474
037 _b1137, 09/03/2010, Kiran Book Service
_cTextual
040 _aSDCL
_cSDCL
_beng
041 _2eng
_aeng
082 _aNQwM81, P4
100 _aPurandrey Madhuri
_9416234
245 0 _aPicasso.
260 _aMeerut
_bSamvad Prakashan
_c2004
300 _a378p
_ccm.
650 _aHindi
_9391598
942 _hNQwM81, P4
_cTEXL
_2CC
999 _c732151
_d732151